ARRUPE JESUIT UNIVERSITY

CORONAVIRUS -STOP THE SPREAD - CLEAN,DISINFECT,COVER

Case study research and applications : (Record no. 127955)

MARC details
000 -LEADER
fixed length control field 01230cam a2200325 i 4500
001 - CONTROL NUMBER
control field 19975251
003 - CONTROL NUMBER IDENTIFIER
control field ARRUPE
005 - DATE AND TIME OF LATEST TRANSACTION
control field 20180419113732.0
008 - FIXED-LENGTH DATA ELEMENTS--GENERAL INFORMATION
fixed length control field 170905s2018 cau b 001 0 eng
010 ## - LIBRARY OF CONGRESS CONTROL NUMBER
LC control number 2017040835
020 ## - INTERNATIONAL STANDARD BOOK NUMBER
International Standard Book Number 9781506336169 (pbk. : alk. paper)
040 ## - CATALOGING SOURCE
Original cataloging agency DLC
Language of cataloging eng
Transcribing agency DLC
Description conventions rda
Modifying agency DLC
042 ## - AUTHENTICATION CODE
Authentication code pcc
050 00 - LIBRARY OF CONGRESS CALL NUMBER
Classification number H62
Item number .Y56 2018
082 00 - DEWEY DECIMAL CLASSIFICATION NUMBER
Classification number 300.72/2
Edition number 23
300 ## - PHYSICAL DESCRIPTION
Dimensions 23 cm
100 1# - MAIN ENTRY--PERSONAL NAME
Personal name Yin, Robert K.,
Relator term author.
9 (RLIN) 41565
240 10 - UNIFORM TITLE
Uniform title <a href="Case study research">Case study research</a>
245 10 - TITLE STATEMENT
Title Case study research and applications :
Remainder of title design and methods /
Statement of responsibility, etc Robert K. Yin.
250 ## - EDITION STATEMENT
Edition statement Sixth edition.
300 ## - PHYSICAL DESCRIPTION
Extent xxx, 319 pages ;
500 ## - GENERAL NOTE
General note Earlier editions called: Case study research : design and methods.
504 ## - BIBLIOGRAPHY, ETC. NOTE
Bibliography, etc Includes bibliographical references and indexes.
650 #0 - SUBJECT ADDED ENTRY--TOPICAL TERM
Topical term or geographic name as entry element Case method.
9 (RLIN) 41564
650 #0 - SUBJECT ADDED ENTRY--TOPICAL TERM
Topical term or geographic name as entry element Social sciences
General subdivision Research
-- Methodology.
9 (RLIN) 37871
906 ## - LOCAL DATA ELEMENT F, LDF (RLIN)
a 7
b cbc
c orignew
d 1
e ecip
f 20
g y-gencatlg
942 ## - ADDED ENTRY ELEMENTS (KOHA)
Source of classification or shelving scheme Library of Congress Classification
Koha item type Monograph ( Printed materials)
Holdings
Withdrawn status Lost status Source of classification or shelving scheme Damaged status Not for loan Home library Current library Date acquired Total Checkouts Full call number Barcode Date last seen Date checked out Price effective from Koha item type
    Library of Congress Classification     ARRUPE LIBRARY ARRUPE LIBRARY 19/04/2018 3 H62 .Y56 2018 46600001034 13/09/2023 08/09/2023 19/04/2018 Monograph ( Printed materials)

 

Arrupe Library. PO Box MP320 Mt Pleasant, Harare, Zimbabwe
263 242 745411|librarian@aju.ac.zw